Речь тов. Сталина на Совещании передовых комбайнеров и комбайнерок 1-го декабря 1935 г. (Запись № 6656912)

Подробности
000 -МАРКЕР
контрольное поле 02283nam0a22002531 4500
001 - ИДЕНТИФИКАТОР ЗАПИСИ
контрольное поле rc\2952038
005 - ИДЕНТИФИКАТОР ВЕРСИИ
контрольное поле 20110830191722.2
035 ## - ДРУГИЕ СИСТЕМНЫЕ НОМЕРА
Идентификатор записи (NLR Aleph) 007099598
100 ## - ДАННЫЕ ОБЩЕЙ ОБРАБОТКИ
Данные общей обработки 20110830d1937 |||y0rusy50 ca
101 0# - ЯЗЫК РЕСУРСА
Язык текста, звукозаписи и т.д. русский
102 ## - СТРАНА ПУБЛИКАЦИИ ИЛИ ПРОИЗВОДСТВА
Страна публикации Российская Федерация
105 ## - ПОЛЕ КОДИРОВАННЫХ ДАННЫХ: ТЕКСТОВЫЕ МАТЕРИАЛЫ, МОНОГРАФИЧЕСКИЕ
Кодированные данные о монографическом текстовом документе a z |||||
200 1# - ЗАГЛАВИЕ И СВЕДЕНИЯ ОБ ОТВЕТСТВЕННОСТИ
Основное заглавие Речь тов. Сталина на Совещании передовых комбайнеров и комбайнерок 1-го декабря 1935 г.
210 ## - ПУБЛИКАЦИЯ, РАСПРОСТРАНЕНИЕ И ДР.
Место издания, распространения и т.д. пос. Собинка
Имя издателя, распространителя и т. д. Б. и.
Дата издания, распространения и т.д. 1937
215 ## - ФИЗИЧЕСКАЯ ХАРАКТЕРИСТИКА
Специфическое обозначение материала и объем 52 с., 1 л. табл.
Размеры 21 см
423 #0 - ИЗДАЕТСЯ В ОДНОЙ ОБЛОЖКЕ ВМЕСТЕ С ...
Встроенное поле 2001#$a2. Об итогах 1936 сельскохозяйственного года и мероприятиях по подготовке к весеннему севу 1937 года$eПостановление пленума Обкома ВКП(б) от 28 дек. 1936 г.
-- 5171#$aОб итогах 1936 сельскохозяйственного года и мероприятиях по подготовке к весеннему севу 1937 года$eПостановление пленума Обкома ВКП(б) от 28 дек. 1936 г.
423 #0 - ИЗДАЕТСЯ В ОДНОЙ ОБЛОЖКЕ ВМЕСТЕ С ...
Встроенное поле 2001#$a3. Об итогах 1936 сельскохозяйственного года, государственного плана весеннего сева на 1937 год и мероприятиях по повышению урожайности и подготовке к севу в 1937 г.$eПостановление объединенного пленума Собин. райкома ВКП(б) и Райисполкома от 26-27 янв. 1937 г. ...
-- 5171#$aОб итогах 1936 сельскохозяйственного года, государственного плана весеннего сева на 1937 год и мероприятиях по повышению урожайности и подготовке к севу в 1937 г.$eПостановление объединенного пленума Собин. райкома ВКП(б) и Райисполкома от 26-27 янв. 1937 г. ...
700 #1 - ИМЯ ЛИЦА - ПЕРВИЧНАЯ ОТВЕТСТВЕННОСТЬ
Начальный элемент ввода Сталин
Часть имени, кроме начального элемента ввода И. В.
Даты 1879-1953
Расширение инициалов личного имени Иосиф Виссарионович
801 #0 - ИСТОЧНИК ЗАПИСИ
Страна Российская Федерация
Организация NLR
Правила каталогизации psbo
801 #1 - ИСТОЧНИК ЗАПИСИ
Страна Российская Федерация
Организация ELAR
Источник данных rusmarc
852 ## - МЕСТОНАХОЖДЕНИЕ И ШИФР ХРАНЕНИЯ
Идентификатор организации NLR
Шифр хранения (Call Number) 60-4/6294
942 ## - ДОПОЛНИТЕЛЬНЫЕ ЭЛЕМЕНТЫ ЗАПИСИ (АБИС)
Тип экземпляра АБИС Книга
980 ## - КОЛЛЕКЦИЯ
Название коллекции Национальная библиография
Экземпляры
Тип экземпляра Дата поступления Библиотека постоянного хранения Библиотека текущего хранения Место хранения Шифр хранения Штрих-код Статус экземпляра
Книга 26.10.2013 РНБ (Московский) РНБ (Московский) Русский книжный фонд: издания с 1957 года 60-4/6294 7099598-10